Profesor Štefan Pozdišovský

Bibliographic Details
Main Author: Masár, Ivan, 1930-2008 (Author)
Format: Article
Language:Slovak
PhysicalDescription:Fotogr.
Subjects:
Online Access:www.svedectvo.com

MARC

LEADER 00000nab a2200000 a 4500
001 vtls008961411
003 SK-MaSNL
005 20260303070657.0
008 070403c200702 xo r p 000 00slo
015 |a SNBRB2007/04SVKPO 
038 |a SVKPOCL 
040 |a SVKPOCL  |b slo  |c AACR2  |e AACR2 
041 |a slo 
044 |a xo  |c SK 
080 |a 069-051  |2 2001 
080 |a 929 Pozdišovský, Štefan  |2 2001 
080 |a 37-051  |2 2001 
100 1 |a Masár, Ivan,  |d 1930-2008  |4 aut  |9 13367 
245 1 0 |a Profesor Štefan Pozdišovský  |c Ivan Masár 
300 |a Fotogr. 
600 1 7 |a Pozdišovský, Štefan,  |d 1906-2007  |2 svkpocl  |9 98812 
773 0 |t Svedectvo  |g Roč. 17, č. 2 (2007), s. 15 
852 |a SVKPO  |b KIS3GCP 
856 4 1 |u www.svedectvo.com 
999 |c 1756468  |d 1758398